000 00578nam a22001577a 4500
003 NUST
038 _aNusrat Nadeem
082 _a200
100 _aAamir, Hafsa
_9130624
245 _aSYNERGY OR CONFLICT? THE ROLE OF BUREAUCRATIC DECISION-MAKING IN SHAPING PUBLIC-PRIVATE PARTNERSHIP ACROSS DIFFERENT SECTORS IN PAKISTAN/
_cHafsa Aamir,
264 _aIslamabad:
_bS3H NUST.
_c2025.
650 _aMS-Government and Public Policy
_9125323
700 _aSupervisor: Dr. Uzair Hashmi
_9125689
856 _u http://10.250.8.41:8080/xmlui/handle/123456789/54833
942 _2ddc
_cSC
999 _c614806
_d614806